| 000 | 00402nam a2200157Ia 4500 | ||
|---|---|---|---|
| 008 | 220612s9999 xx 000 0 und d | ||
| 020 | _a9788188681440 | ||
| 082 | _bRAN | ||
| 100 | _aRANI, CHHAYA | ||
| 245 | 0 | _aRAMESHWAR SHUKLA ANCHAL KE KHAND KAVYA ME AADHUNIK CHINTAN | |
| 260 |
_bSHALABU PUBLISHING HOUSE, MEERUT _c2013 |
||
| 300 | _a384 | ||
| 650 | _aEducation | ||
| 942 | _cBK | ||
| 999 |
_c9276 _d9276 |
||
| 041 | _aHINDI | ||